[Event "45th FIDE Chess Olympiad Open"]
[Site "Budapest, Hungary"]
[Date "2024.09.12"]
[Round "2"]
[White "Uruci, Endrit"]
[Black "Sonis, Francesco"]
[Result "1-0"]
[Board "111"]
[WhiteFideId "22100199"]
[BlackFideId "895733"]
[WhiteTitle "FM"]
[BlackTitle "GM"]
[WhiteElo "2348"]
[BlackElo "2554"]
[WhiteTeam "Kosovo"]
[BlackTeam "Italy"]
[WhiteClock "0:15:24"]
[BlackClock "0:20:39"]
[Variant "Standard"]

1. e4 {[%clk 1:30:57]}  c5 {[%clk 1:30:52]} 2. Nf3 {[%clk 1:31:06]}  d6 {[%clk 1:31:17]} 3. Bb5+ {[%clk 1:29:19]}  Nd7 {[%clk 1:31:41]} 4. d4 {[%clk 1:29:39]}  cxd4 {[%clk 1:29:31]} 5. Qxd4 {[%clk 1:29:56]}  a6 {[%clk 1:29:42]} 6. Bxd7+ {[%clk 1:29:54]}  Bxd7 {[%clk 1:30:06]} 7. Bg5 {[%clk 1:28:33]}  Bc6 {[%clk 1:20:47]} 8. Nc3 {[%clk 1:28:13]}  h6 {[%clk 1:19:48]} 9. Bh4 {[%clk 1:27:51]}  Nf6 {[%clk 1:03:19]} 10. O-O-O {[%clk 1:13:56]}  e5 {[%clk 0:48:24]} 11. Qd3 {[%clk 0:59:46]}  g5 {[%clk 0:44:57]} 12. Bg3 {[%clk 0:59:37]}  b5 {[%clk 0:39:18]} 13. a3 {[%clk 0:54:06]}  Qb8 {[%clk 0:34:53]} 14. Rhe1 {[%clk 0:50:22]}  Be7 {[%clk 0:33:01]} 15. Nd5 {[%clk 0:42:56]}  Bxd5 {[%clk 0:28:57]} 16. exd5 {[%clk 0:36:21]}  Nd7 {[%clk 0:26:11]} 17. Qf5 {[%clk 0:30:53]}  Qc8 {[%clk 0:24:46]} 18. Nd4 {[%clk 0:22:36]}  Nc5 {[%clk 0:20:31]} 19. Bxe5 {[%clk 0:22:11]}  O-O {[%clk 0:16:14]} 20. Qxc8 {[%clk 0:22:09]}  Raxc8 {[%clk 0:15:39]} 21. Nf5 {[%clk 0:22:24]}  Rfe8 {[%clk 0:16:04]} 22. Bd4 {[%clk 0:15:15]}  Bf8 {[%clk 0:16:33]} 23. Rxe8 {[%clk 0:15:28]}  Rxe8 {[%clk 0:16:58]} 24. Bxc5 {[%clk 0:15:47]}  dxc5 {[%clk 0:17:24]} 25. d6 {[%clk 0:15:49]}  Rd8 {[%clk 0:17:53]} 26. Rd5 {[%clk 0:15:27]}  Kh7 {[%clk 0:17:03]} 27. Kd2 {[%clk 0:15:18]}  Kg6 {[%clk 0:16:52]} 28. Kd3 {[%clk 0:15:24]}  Kf6 {[%clk 0:16:19]} 29. Rxc5 {[%clk 0:14:29]}  Bxd6 {[%clk 0:16:44]} 30. Rd5 {[%clk 0:14:44]}  Bc7 {[%clk 0:17:10]} 31. Rxd8 {[%clk 0:15:07]}  Bxd8 {[%clk 0:17:37]} 32. Nxh6 {[%clk 0:15:23]}  Kg6 {[%clk 0:17:44]} 33. Ng4 {[%clk 0:15:43]}  f5 {[%clk 0:18:13]} 34. Ne5+ {[%clk 0:15:45]}  Kf6 {[%clk 0:18:39]} 35. Nd7+ {[%clk 0:15:59]}  Ke7 {[%clk 0:18:15]} 36. Nc5 {[%clk 0:16:23]}  a5 {[%clk 0:18:43]} 37. Kd4 {[%clk 0:16:28]}  Bc7 {[%clk 0:19:09]} 38. h3 {[%clk 0:15:04]}  Kd6 {[%clk 0:19:34]} 39. b4 {[%clk 0:14:51]}  axb4 {[%clk 0:19:25]} 40. axb4 {[%clk 0:15:16]}  Bb6 {[%clk 0:19:53]} 41. g3 {[%clk 0:15:14]}  Kc6 {[%clk 0:19:58]} 42. h4 {[%clk 0:15:29]}  gxh4 {[%clk 0:20:03]} 43. gxh4 {[%clk 0:15:55]}  Bd8 {[%clk 0:20:30]} 44. h5 {[%clk 0:15:24]}  Bf6+ {[%clk 0:20:39]} 1-0

[Event "45th FIDE Chess Olympiad Open"]
[Site "Budapest, Hungary"]
[Date "2024.09.12"]
[Round "2"]
[White "Peralta, Fernando"]
[Black "Xie, Felix"]
[Result "1-0"]
[Board "129"]
[WhiteFideId "105309"]
[BlackFideId "4308174"]
[WhiteTitle "GM"]
[BlackTitle "FM"]
[WhiteElo "2558"]
[BlackElo "2320"]
[WhiteTeam "Argentina"]
[BlackTeam "New Zealand"]
[WhiteClock "0:25:51"]
[BlackClock "0:01:44"]
[Variant "Standard"]

1. d4 {[%clk 1:30:56]}  Nf6 {[%clk 1:30:32]} 2. c4 {[%clk 1:31:21]}  e6 {[%clk 1:30:38]} 3. Nc3 {[%clk 1:31:42]}  Bb4 {[%clk 1:30:42]} 4. e3 {[%clk 1:32:06]}  O-O {[%clk 1:30:51]} 5. Bd3 {[%clk 1:32:31]}  c5 {[%clk 1:31:07]} 6. Nge2 {[%clk 1:32:20]}  d5 {[%clk 1:31:14]} 7. cxd5 {[%clk 1:32:15]}  cxd4 {[%clk 1:31:36]} 8. exd4 {[%clk 1:32:40]}  Nxd5 {[%clk 1:32:00]} 9. a3 {[%clk 1:32:49]}  Ba5 {[%clk 1:32:16]} 10. Bb1 {[%clk 1:31:48]}  Nc6 {[%clk 1:25:55]} 11. Qd3 {[%clk 1:31:40]}  f5 {[%clk 1:15:41]} 12. O-O {[%clk 1:31:06]}  Nce7 {[%clk 1:06:59]} 13. Ba2 {[%clk 1:28:11]}  Bc7 {[%clk 0:59:49]} 14. Re1 {[%clk 1:23:30]}  b6 {[%clk 0:51:18]} 15. Bg5 {[%clk 1:14:01]}  h6 {[%clk 0:37:59]} 16. Bxd5 {[%clk 1:08:58]}  exd5 {[%clk 0:38:23]} 17. Bxe7 {[%clk 1:08:04]}  Qxe7 {[%clk 0:38:49]} 18. Nxd5 {[%clk 1:07:37]}  Qd6 {[%clk 0:37:39]} 19. Nxc7 {[%clk 0:50:30]}  Qxc7 {[%clk 0:37:23]} 20. d5 {[%clk 0:50:39]}  Bb7 {[%clk 0:31:42]} 21. d6 {[%clk 0:43:13]}  Qc6 {[%clk 0:31:08]} 22. Nf4 {[%clk 0:43:34]}  Rad8 {[%clk 0:25:49]} 23. Qb3+ {[%clk 0:40:55]}  Kh7 {[%clk 0:21:46]} 24. Rac1 {[%clk 0:40:42]}  Rfe8 {[%clk 0:18:58]} 25. Qf7 {[%clk 0:32:20]}  Rxe1+ {[%clk 0:16:59]} 26. Rxe1 {[%clk 0:32:46]}  Rxd6 {[%clk 0:17:10]} 27. Qxf5+ {[%clk 0:30:54]}  Kg8 {[%clk 0:17:35]} 28. f3 {[%clk 0:28:55]}  Qc5+ {[%clk 0:12:20]} 29. Qxc5 {[%clk 0:29:01]}  bxc5 {[%clk 0:12:49]} 30. Ne6 {[%clk 0:19:27]}  c4 {[%clk 0:10:21]} 31. Nc5 {[%clk 0:19:33]}  Bc6 {[%clk 0:06:33]} 32. Ne4 {[%clk 0:16:41]}  Bxe4 {[%clk 0:04:48]} 33. Rxe4 {[%clk 0:17:01]}  Rc6 {[%clk 0:05:11]} 34. Kf1 {[%clk 0:07:37]}  Kf7 {[%clk 0:05:07]} 35. Ke1 {[%clk 0:07:08]}  Rb6 {[%clk 0:03:35]} 36. Rxc4 {[%clk 0:07:05]}  Rxb2 {[%clk 0:04:01]} 37. Kf1 {[%clk 0:07:30]}  Rb7 {[%clk 0:03:44]} 38. Rc6 {[%clk 0:06:27]}  a5 {[%clk 0:02:11]} 39. Rc5 {[%clk 0:04:35]}  Ra7 {[%clk 0:02:38]} 40. a4 {[%clk 0:04:59]}  Ke6 {[%clk 0:02:04]} 41. h4 {[%clk 0:02:22]}  Kf6 {[%clk 0:25:49]} 42. h5 {[%clk 0:32:07]}  Ra6 {[%clk 0:24:52]} 43. Kf2 {[%clk 0:31:51]}  Ke6 {[%clk 0:24:20]} 44. Rb5 {[%clk 0:31:56]}  Kf6 {[%clk 0:24:15]} 45. g4 {[%clk 0:30:52]}  Ke6 {[%clk 0:23:46]} 46. Ke3 {[%clk 0:28:55]}  Kf6 {[%clk 0:23:28]} 47. Kd4 {[%clk 0:26:58]}  g6 {[%clk 0:02:08]} 48. hxg6 {[%clk 0:26:06]}  Kxg6 {[%clk 0:02:36]} 49. Ke4 {[%clk 0:25:21]}  Ra8 {[%clk 0:01:37]} 50. Kf4 {[%clk 0:25:36]}  Rf8+ {[%clk 0:01:44]} 51. Kg3 {[%clk 0:26:00]}  Ra8 {[%clk 0:02:09]} 52. f4 {[%clk 0:25:32]}  Ra6 {[%clk 0:02:11]} 53. Kh4 {[%clk 0:25:54]}  Kf6 {[%clk 0:01:03]} 54. Kh5 {[%clk 0:25:39]}  Kg7 {[%clk 0:01:28]} 55. Rb7+ {[%clk 0:25:34]}  Kg8 {[%clk 0:01:43]} 56. f5 {[%clk 0:25:42]}  Kh8 {[%clk 0:01:44]} 57. Re7 {[%clk 0:25:51]} 1-0

[Event "45th FIDE Chess Olympiad Open"]
[Site "Budapest, Hungary"]
[Date "2024.09.12"]
[Round "2"]
[White "Miguel, Sergio"]
[Black "Bogner, Sebastian"]
[Result "1-0"]
[Board "149"]
[WhiteFideId "10100792"]
[BlackFideId "4692055"]
[WhiteTitle "FM"]
[BlackTitle "GM"]
[WhiteElo "2241"]
[BlackElo "2545"]
[WhiteTeam "Angola"]
[BlackTeam "Switzerland"]
[WhiteClock "0:16:55"]
[BlackClock "0:02:46"]
[Variant "Standard"]

1. e4 {[%clk 1:30:54]}  c5 {[%clk 1:30:53]} 2. Nf3 {[%clk 1:31:09]}  d6 {[%clk 1:31:19]} 3. Bb5+ {[%clk 1:31:03]}  Nd7 {[%clk 1:31:41]} 4. d4 {[%clk 1:31:14]}  Ngf6 {[%clk 1:32:05]} 5. Nc3 {[%clk 1:29:27]}  cxd4 {[%clk 1:32:24]} 6. Qxd4 {[%clk 1:21:02]}  e5 {[%clk 1:32:45]} 7. Qd3 {[%clk 1:19:13]}  h6 {[%clk 1:33:06]} 8. Be3 {[%clk 1:15:41]}  a6 {[%clk 1:33:30]} 9. Ba4 {[%clk 1:13:11]}  b5 {[%clk 1:25:29]} 10. Bb3 {[%clk 1:13:33]}  Bb7 {[%clk 1:21:42]} 11. a4 {[%clk 1:10:44]}  Qa5 {[%clk 1:03:43]} 12. O-O {[%clk 1:00:21]}  b4 {[%clk 1:04:08]} 13. Nd5 {[%clk 1:00:33]}  Bxd5 {[%clk 0:58:59]} 14. Bxd5 {[%clk 0:59:42]}  Nxd5 {[%clk 0:59:14]} 15. Qxd5 {[%clk 0:55:24]}  Qxd5 {[%clk 0:59:32]} 16. exd5 {[%clk 0:55:50]}  Nf6 {[%clk 0:55:32]} 17. Rfd1 {[%clk 0:54:47]}  Be7 {[%clk 0:52:00]} 18. a5 {[%clk 0:51:03]}  Rb8 {[%clk 0:51:46]} 19. c4 {[%clk 0:43:57]}  bxc3 {[%clk 0:51:48]} 20. bxc3 {[%clk 0:44:25]}  Kd7 {[%clk 0:43:19]} 21. c4 {[%clk 0:44:04]}  Rhc8 {[%clk 0:43:42]} 22. c5 {[%clk 0:42:36]}  Rb5 {[%clk 0:41:45]} 23. h3 {[%clk 0:25:15]}  Ne4 {[%clk 0:27:48]} 24. c6+ {[%clk 0:17:18]}  Ke8 {[%clk 0:28:08]} 25. Rdb1 {[%clk 0:17:30]}  Rxd5 {[%clk 0:15:26]} 26. Rb6 {[%clk 0:17:48]}  Nc5 {[%clk 0:08:50]} 27. Rc1 {[%clk 0:16:24]}  Nd3 {[%clk 0:08:21]} 28. Rcb1 {[%clk 0:15:48]}  Nc5 {[%clk 0:06:30]} 29. Rc1 {[%clk 0:12:53]}  e4 {[%clk 0:05:54]} 30. Nd2 {[%clk 0:07:30]}  Bg5 {[%clk 0:05:48]} 31. Nc4 {[%clk 0:06:36]}  Ke7 {[%clk 0:05:09]} 32. Bxg5+ {[%clk 0:02:03]}  Rxg5 {[%clk 0:04:17]} 33. Ne3 {[%clk 0:02:18]}  Ke6 {[%clk 0:03:06]} 34. Kf1 {[%clk 0:01:44]}  Rc7 {[%clk 0:02:00]} 35. Rc4 {[%clk 0:01:41]}  Re5 {[%clk 0:01:52]} 36. g4 {[%clk 0:01:13]}  g6 {[%clk 0:02:12]} 37. Rd4 {[%clk 0:01:17]}  d5 {[%clk 0:01:03]} 38. Rb8 {[%clk 0:01:03]}  Nd3 {[%clk 0:00:40]} 39. Re8+ {[%clk 0:01:09]}  Re7 {[%clk 0:00:36]} 40. Rxe7+ {[%clk 0:01:03]}  Kxe7 {[%clk 0:01:06]} 41. Nxd5+ {[%clk 0:26:00]}  Kd8 {[%clk 0:29:52]} 42. f4 {[%clk 0:23:11]}  Nxf4 {[%clk 0:19:50]} 43. Nxf4+ {[%clk 0:23:32]}  Kc7 {[%clk 0:20:16]} 44. Rd7+ {[%clk 0:22:31]}  Kxc6 {[%clk 0:20:37]} 45. Rxf7 {[%clk 0:22:57]}  g5 {[%clk 0:18:13]} 46. Rf6+ {[%clk 0:22:43]}  Kd7 {[%clk 0:16:53]} 47. Ne2 {[%clk 0:22:20]}  Rxa5 {[%clk 0:16:46]} 48. Rxh6 {[%clk 0:22:22]}  Ra3 {[%clk 0:16:19]} 49. Kg2 {[%clk 0:19:32]}  a5 {[%clk 0:16:09]} 50. Rg6 {[%clk 0:17:37]}  a4 {[%clk 0:06:29]} 51. Rxg5 {[%clk 0:17:45]}  Ra2 {[%clk 0:04:52]} 52. Kf2 {[%clk 0:17:47]}  e3+ {[%clk 0:04:12]} 53. Kxe3 {[%clk 0:16:12]}  Ra3+ {[%clk 0:04:35]} 54. Kf4 {[%clk 0:16:32]}  Rxh3 {[%clk 0:05:02]} 55. Ra5 {[%clk 0:16:42]}  Ra3 {[%clk 0:03:58]} 56. g5 {[%clk 0:16:29]}  Ke6 {[%clk 0:03:53]} 57. Ra6+ {[%clk 0:16:47]}  Kf7 {[%clk 0:04:20]} 58. Kf5 {[%clk 0:16:59]}  Rf3+ {[%clk 0:02:46]} 59. Nf4 {[%clk 0:16:55]} 1-0

[Event "45th FIDE Chess Olympiad Open"]
[Site "Budapest, Hungary"]
[Date "2024.09.12"]
[Round "2"]
[White "Pelletier, Yannick"]
[Black "Sapalo, Gabriel"]
[Result "1-0"]
[Board "150"]
[WhiteFideId "1301837"]
[BlackFideId "10100717"]
[WhiteTitle "GM"]
[WhiteElo "2526"]
[BlackElo "2058"]
[WhiteTeam "Switzerland"]
[BlackTeam "Angola"]
[WhiteClock "0:16:20"]
[BlackClock "0:13:41"]
[Variant "Standard"]

1. Nf3 {[%clk 1:30:52]}  Nf6 {[%clk 1:30:26]} 2. c4 {[%clk 1:31:15]}  e6 {[%clk 1:29:10]} 3. Nc3 {[%clk 1:28:32]}  d5 {[%clk 1:28:44]} 4. d4 {[%clk 1:28:49]}  c5 {[%clk 1:26:55]} 5. cxd5 {[%clk 1:28:01]}  cxd4 {[%clk 1:27:03]} 6. Qxd4 {[%clk 1:20:13]}  exd5 {[%clk 1:27:15]} 7. e4 {[%clk 1:19:02]}  dxe4 {[%clk 1:27:07]} 8. Qxd8+ {[%clk 1:19:24]}  Kxd8 {[%clk 1:27:25]} 9. Ng5 {[%clk 1:19:51]}  Be6 {[%clk 1:27:33]} 10. Nxe6+ {[%clk 1:19:11]}  fxe6 {[%clk 1:27:55]} 11. Bc4 {[%clk 1:17:47]}  Kd7 {[%clk 1:17:25]} 12. Bg5 {[%clk 1:13:17]}  Bb4 {[%clk 1:17:38]} 13. O-O-O+ {[%clk 1:12:23]}  Ke7 {[%clk 1:17:35]} 14. Rhe1 {[%clk 1:08:34]}  Bxc3 {[%clk 1:14:26]} 15. bxc3 {[%clk 1:00:05]}  Rc8 {[%clk 1:13:21]} 16. Rxe4 {[%clk 1:00:07]}  Rc6 {[%clk 1:13:19]} 17. Bd5 {[%clk 0:48:02]}  Rb6 {[%clk 1:13:36]} 18. Rde1 {[%clk 0:47:54]}  Nbd7 {[%clk 1:10:55]} 19. Rxe6+ {[%clk 0:44:40]}  Kf8 {[%clk 1:11:10]} 20. Rxb6 {[%clk 0:29:21]}  axb6 {[%clk 1:11:16]} 21. Bb3 {[%clk 0:29:35]}  Re8 {[%clk 1:09:06]} 22. Rxe8+ {[%clk 0:28:12]}  Kxe8 {[%clk 1:09:34]} 23. f3 {[%clk 0:27:27]}  Ke7 {[%clk 1:00:01]} 24. Kd2 {[%clk 0:27:02]}  Nc5 {[%clk 0:59:31]} 25. Ke3 {[%clk 0:26:40]}  h6 {[%clk 0:59:03]} 26. Bxf6+ {[%clk 0:25:16]}  Kxf6 {[%clk 0:59:18]} 27. Kd4 {[%clk 0:25:15]}  Ke7 {[%clk 0:57:06]} 28. f4 {[%clk 0:25:21]}  h5 {[%clk 0:51:39]} 29. g3 {[%clk 0:25:17]}  h4 {[%clk 0:49:19]} 30. gxh4 {[%clk 0:24:10]}  Kf6 {[%clk 0:49:00]} 31. Bc2 {[%clk 0:22:07]}  Ne6+ {[%clk 0:44:51]} 32. Ke4 {[%clk 0:22:25]}  Nc5+ {[%clk 0:44:51]} 33. Kd5 {[%clk 0:21:05]}  Ne6 {[%clk 0:40:18]} 34. Ke4 {[%clk 0:08:31]}  Nc5+ {[%clk 0:40:27]} 35. Kd5 {[%clk 0:08:57]}  Ne6 {[%clk 0:40:37]} 36. f5 {[%clk 0:09:23]}  Nf4+ {[%clk 0:40:20]} 37. Kd6 {[%clk 0:07:38]}  b5 {[%clk 0:22:44]} 38. Kc5 {[%clk 0:07:59]}  Ne2 {[%clk 0:22:52]} 39. Kb4 {[%clk 0:08:06]}  Ke5 {[%clk 0:22:13]} 40. a3 {[%clk 0:07:15]}  Nf4 {[%clk 0:04:09]} 41. Kxb5 {[%clk 0:06:30]}  Nd5 {[%clk 0:04:24]} 42. Kc5 {[%clk 0:20:48]}  Nxc3 {[%clk 0:20:40]} 43. Kb6 {[%clk 0:21:11]}  Kd6 {[%clk 0:15:57]} 44. Kxb7 {[%clk 0:20:16]}  Kc5 {[%clk 0:13:53]} 45. f6 {[%clk 0:18:14]}  gxf6 {[%clk 0:13:40]} 46. h5 {[%clk 0:18:39]}  Nb5 {[%clk 0:13:41]} 47. Bg6 {[%clk 0:16:20]} 1-0

[Event "45th FIDE Chess Olympiad Open"]
[Site "Budapest, Hungary"]
[Date "2024.09.13"]
[Round "3"]
[White "Lodici, Lorenzo"]
[Black "Giri, Anish"]
[Result "1-0"]
[Board "21"]
[WhiteFideId "884189"]
[BlackFideId "24116068"]
[WhiteTitle "GM"]
[BlackTitle "GM"]
[WhiteElo "2556"]
[BlackElo "2724"]
[WhiteTeam "Italy"]
[BlackTeam "Netherlands"]
[WhiteClock "0:32:18"]
[BlackClock "0:23:34"]
[Variant "Standard"]

1. d4 {[%clk 1:30:57]}  Nf6 {[%clk 1:30:38]} 2. c4 {[%clk 1:31:16]}  e6 {[%clk 1:31:04]} 3. Nc3 {[%clk 1:31:42]}  Bb4 {[%clk 1:29:53]} 4. e3 {[%clk 1:32:05]}  b6 {[%clk 1:28:41]} 5. Bd3 {[%clk 1:22:48]}  Bb7 {[%clk 1:27:51]} 6. Nge2 {[%clk 1:23:13]}  Bxg2 {[%clk 1:07:43]} 7. Rg1 {[%clk 1:23:33]}  Bf3 {[%clk 1:08:07]} 8. Rg3 {[%clk 1:23:59]}  Bxc3+ {[%clk 1:07:32]} 9. bxc3 {[%clk 1:24:25]}  Be4 {[%clk 1:07:58]} 10. Qc2 {[%clk 1:24:49]}  Bxd3 {[%clk 1:02:54]} 11. Qxd3 {[%clk 1:25:14]}  Nh5 {[%clk 1:02:59]} 12. Rh3 {[%clk 1:25:39]}  g6 {[%clk 0:56:01]} 13. e4 {[%clk 1:26:02]}  d6 {[%clk 0:55:58]} 14. Ng3 {[%clk 1:26:27]}  Nxg3 {[%clk 0:55:53]} 15. Qxg3 {[%clk 1:26:54]}  f6 {[%clk 0:46:54]} 16. Bh6 {[%clk 1:05:53]}  Rg8 {[%clk 0:34:03]} 17. e5 {[%clk 1:01:58]}  Nd7 {[%clk 0:34:24]} 18. O-O-O {[%clk 0:55:27]}  Qe7 {[%clk 0:31:44]} 19. exf6 {[%clk 0:51:20]}  Nxf6 {[%clk 0:24:47]} 20. Bg5 {[%clk 0:45:04]}  Ne4 {[%clk 0:25:09]} 21. Bxe7 {[%clk 0:44:22]}  Nxg3 {[%clk 0:25:35]} 22. fxg3 {[%clk 0:38:05]}  Kxe7 {[%clk 0:26:01]} 23. Rxh7+ {[%clk 0:38:30]}  Kd8 {[%clk 0:26:24]} 24. Rf1 {[%clk 0:37:05]}  Kc8 {[%clk 0:26:48]} 25. Rff7 {[%clk 0:35:34]}  Kb7 {[%clk 0:27:14]} 26. Rxc7+ {[%clk 0:36:00]}  Ka6 {[%clk 0:27:43]} 27. Rhe7 {[%clk 0:32:22]}  Rgf8 {[%clk 0:27:22]} 28. Kb2 {[%clk 0:32:33]}  d5 {[%clk 0:22:41]} 29. Rxe6 {[%clk 0:31:49]}  dxc4 {[%clk 0:23:06]} 30. Rxc4 {[%clk 0:31:54]}  Rf2+ {[%clk 0:23:34]} 31. Kb3 {[%clk 0:32:18]} 1-0

[Event "45th FIDE Chess Olympiad Open"]
[Site "Budapest, Hungary"]
[Date "2024.09.13"]
[Round "3"]
[White "Senglek, Khonsavanh"]
[Black "Prudente, Elmer"]
[Result "0-1"]
[Board "349"]
[WhiteFideId "17700167"]
[BlackFideId "31000690"]
[BlackTitle "CM"]
[WhiteElo "1591"]
[BlackElo "1949"]
[WhiteTeam "Laos"]
[BlackTeam "Guam"]
[WhiteClock "0:51:04"]
[BlackClock "0:08:52"]
[Variant "Standard"]

1. e4 {[%clk 1:30:56]}  c5 {[%clk 1:30:54]} 2. a3 {[%clk 1:31:19]}  Nc6 {[%clk 1:31:05]} 3. Nf3 {[%clk 1:31:31]}  g6 {[%clk 1:31:05]} 4. Bc4 {[%clk 1:31:45]}  Bg7 {[%clk 1:31:08]} 5. Nc3 {[%clk 1:32:05]}  Nf6 {[%clk 1:30:52]} 6. d3 {[%clk 1:32:22]}  d6 {[%clk 1:30:34]} 7. Qe2 {[%clk 1:32:01]}  O-O {[%clk 1:30:11]} 8. h4 {[%clk 1:31:47]}  Bg4 {[%clk 1:29:21]} 9. Be3 {[%clk 1:31:55]}  e6 {[%clk 1:24:18]} 10. Qd2 {[%clk 1:31:52]}  d5 {[%clk 1:23:45]} 11. Bxc5 {[%clk 1:31:37]}  dxc4 {[%clk 1:23:20]} 12. Bxf8 {[%clk 1:31:57]}  Bxf8 {[%clk 1:23:11]} 13. Nh2 {[%clk 1:32:01]}  cxd3 {[%clk 1:23:04]} 14. f3 {[%clk 1:31:16]}  h5 {[%clk 1:18:56]} 15. fxg4 {[%clk 1:30:49]}  hxg4 {[%clk 1:19:14]} 16. Qxd3 {[%clk 1:30:59]}  Qb6 {[%clk 1:08:32]} 17. O-O-O {[%clk 1:30:29]}  Rc8 {[%clk 1:07:14]} 18. Rdf1 {[%clk 1:29:35]}  Be7 {[%clk 1:05:16]} 19. Re1 {[%clk 1:26:37]}  Ne5 {[%clk 1:00:50]} 20. Qb5 {[%clk 1:24:33]}  Qc7 {[%clk 1:00:57]} 21. Qb3 {[%clk 1:24:32]}  Nc4 {[%clk 1:00:53]} 22. e5 {[%clk 1:23:02]}  Nxe5 {[%clk 0:59:44]} 23. Nf1 {[%clk 1:21:28]}  Nc4 {[%clk 0:56:00]} 24. Kb1 {[%clk 1:19:46]}  Nxa3+ {[%clk 0:52:24]} 25. bxa3 {[%clk 1:19:50]}  Qxc3 {[%clk 0:52:48]} 26. Qxc3 {[%clk 1:20:02]}  Rxc3 {[%clk 0:53:12]} 27. Re3 {[%clk 1:20:19]}  Rxe3 {[%clk 0:52:31]} 28. Nxe3 {[%clk 1:20:38]}  Bxa3 {[%clk 0:52:54]} 29. Rd1 {[%clk 1:20:23]}  Bc5 {[%clk 0:52:50]} 30. Rd8+ {[%clk 1:20:02]}  Kg7 {[%clk 0:53:06]} 31. Nc4 {[%clk 1:20:24]}  b6 {[%clk 0:47:36]} 32. Ra8 {[%clk 1:20:29]}  a5 {[%clk 0:46:30]} 33. Rb8 {[%clk 1:20:32]}  Nd5 {[%clk 0:46:24]} 34. Rb7 {[%clk 1:18:30]}  Kf6 {[%clk 0:46:32]} 35. Nd2 {[%clk 1:18:19]}  Be3 {[%clk 0:38:58]} 36. Nf1 {[%clk 1:12:08]}  Bf2 {[%clk 0:37:46]} 37. Kc1 {[%clk 1:11:09]}  g3 {[%clk 0:37:14]} 38. Kd2 {[%clk 1:09:28]}  Nf4 {[%clk 0:22:22]} 39. Ne3 {[%clk 1:09:18]}  Bxe3+ {[%clk 0:22:45]} 40. Kxe3 {[%clk 1:09:37]}  Nxg2+ {[%clk 0:23:12]} 41. Kf3 {[%clk 1:09:57]}  Nxh4+ {[%clk 0:23:37]} 42. Kxg3 {[%clk 1:10:07]}  Nf5+ {[%clk 0:24:00]} 43. Kf2 {[%clk 1:09:02]}  Nd4 {[%clk 0:24:20]} 44. c4 {[%clk 1:08:36]}  Nc6 {[%clk 0:18:58]} 45. Rxb6 {[%clk 1:08:34]}  Ne5 {[%clk 0:19:20]} 46. Rb5 {[%clk 1:07:26]}  Nxc4 {[%clk 0:19:44]} 47. Rc5 {[%clk 1:07:40]}  Nb6 {[%clk 0:19:54]} 48. Rxa5 {[%clk 1:08:01]}  Nd5 {[%clk 0:20:18]} 49. Kf3 {[%clk 1:07:48]}  Kf5 {[%clk 0:20:18]} 50. Kg3 {[%clk 1:07:50]}  g5 {[%clk 0:20:31]} 51. Rc5 {[%clk 1:07:45]}  f6 {[%clk 0:20:32]} 52. Ra5 {[%clk 1:07:55]}  Kg6 {[%clk 0:20:27]} 53. Ra6 {[%clk 1:07:45]}  e5 {[%clk 0:16:46]} 54. Kg4 {[%clk 1:07:49]}  Ne3+ {[%clk 0:17:09]} 55. Kf3 {[%clk 1:08:01]}  Nf5 {[%clk 0:17:30]} 56. Kg4 {[%clk 1:08:12]}  Nh6+ {[%clk 0:17:51]} 57. Kg3 {[%clk 1:08:08]}  Kf5 {[%clk 0:18:13]} 58. Rb6 {[%clk 1:07:48]}  Nf7 {[%clk 0:16:10]} 59. Ra6 {[%clk 1:07:02]}  e4 {[%clk 0:12:06]} 60. Rb6 {[%clk 1:06:45]}  Ne5 {[%clk 0:12:14]} 61. Ra6 {[%clk 1:05:48]}  e3 {[%clk 0:09:37]} 62. Ra3 {[%clk 1:04:43]}  Ke4 {[%clk 0:07:53]} 63. Ra4+ {[%clk 1:04:42]}  Kd3 {[%clk 0:08:19]} 64. Ra3+ {[%clk 1:05:04]}  Kd4 {[%clk 0:08:45]} 65. Ra4+ {[%clk 1:05:13]}  Nc4 {[%clk 0:09:13]} 66. Kf3 {[%clk 1:05:27]}  Kd3 {[%clk 0:08:44]} 67. Ra8 {[%clk 1:03:21]}  Ne5 {[%clk 0:08:43]} 68. Kg2 {[%clk 1:03:33]}  g4 {[%clk 0:07:25]} 69. Rb8 {[%clk 1:03:51]}  f5 {[%clk 0:07:11]} 70. Rb3+ {[%clk 1:03:56]}  Kd4 {[%clk 0:07:15]} 71. Kf1 {[%clk 1:03:54]}  f4 {[%clk 0:07:25]} 72. Rb8 {[%clk 1:04:05]}  f3 {[%clk 0:07:30]} 73. Rd8+ {[%clk 1:04:05]}  Ke4 {[%clk 0:07:53]} 74. Re8 {[%clk 1:02:29]}  Kf4 {[%clk 0:08:18]} 75. Rd8 {[%clk 0:53:23]}  e2+ {[%clk 0:08:21]} 76. Kf2 {[%clk 0:52:04]}  g3+ {[%clk 0:08:44]} 77. Ke1 {[%clk 0:52:22]}  Ke3 {[%clk 0:08:52]} 78. Ra8 {[%clk 0:51:04]} 0-1

[Event "45th FIDE Chess Olympiad Open"]
[Site "Budapest, Hungary"]
[Date "2024.09.14"]
[Round "4"]
[White "Bjerre, Jonas Buhl"]
[Black "Maghsoodloo, Parham"]
[Result "1/2-1/2"]
[Board "41"]
[WhiteFideId "1444948"]
[BlackFideId "12539929"]
[WhiteTitle "GM"]
[BlackTitle "GM"]
[WhiteElo "2648"]
[BlackElo "2723"]
[WhiteTeam "Denmark"]
[BlackTeam "Iran"]
[WhiteClock "0:14:56"]
[BlackClock "0:08:37"]
[Variant "Standard"]

1. e4 {[%clk 1:30:55]}  e5 {[%clk 1:30:51]} 2. Nf3 {[%clk 1:31:17]}  Nc6 {[%clk 1:31:15]} 3. Bb5 {[%clk 1:31:38]}  a6 {[%clk 1:31:39]} 4. Ba4 {[%clk 1:32:02]}  Nf6 {[%clk 1:32:03]} 5. O-O {[%clk 1:32:21]}  Be7 {[%clk 1:31:41]} 6. d3 {[%clk 1:32:19]}  b5 {[%clk 1:31:35]} 7. Bb3 {[%clk 1:32:43]}  O-O {[%clk 1:31:35]} 8. a4 {[%clk 1:30:46]}  Bb7 {[%clk 1:31:56]} 9. axb5 {[%clk 1:22:09]}  axb5 {[%clk 1:31:56]} 10. Rxa8 {[%clk 1:22:30]}  Bxa8 {[%clk 1:25:11]} 11. Nc3 {[%clk 1:18:54]}  b4 {[%clk 1:22:13]} 12. Nd5 {[%clk 1:15:15]}  Na5 {[%clk 1:20:12]} 13. Nxe7+ {[%clk 1:09:28]}  Qxe7 {[%clk 1:19:47]} 14. Ba2 {[%clk 1:09:16]}  d5 {[%clk 1:16:45]} 15. exd5 {[%clk 1:06:14]}  Bxd5 {[%clk 1:06:15]} 16. Bxd5 {[%clk 0:54:27]}  Nxd5 {[%clk 1:06:08]} 17. Qe2 {[%clk 0:54:17]}  Re8 {[%clk 0:59:37]} 18. Re1 {[%clk 0:50:05]}  f6 {[%clk 0:53:51]} 19. Qe4 {[%clk 0:46:01]}  Qf7 {[%clk 0:46:16]} 20. Bd2 {[%clk 0:44:14]}  Nc6 {[%clk 0:45:31]} 21. Ra1 {[%clk 0:41:57]}  Rb8 {[%clk 0:44:08]} 22. Ra6 {[%clk 0:38:47]}  Qd7 {[%clk 0:42:11]} 23. Qc4 {[%clk 0:36:04]}  Nce7 {[%clk 0:38:43]} 24. Be3 {[%clk 0:33:18]}  Kh8 {[%clk 0:27:27]} 25. h3 {[%clk 0:24:29]}  h6 {[%clk 0:22:55]} 26. Nd2 {[%clk 0:21:31]}  Nf5 {[%clk 0:20:28]} 27. Bc5 {[%clk 0:16:27]}  Nf4 {[%clk 0:18:46]} 28. Be3 {[%clk 0:15:10]}  Nd5 {[%clk 0:13:47]} 29. Bc5 {[%clk 0:15:13]}  Nf4 {[%clk 0:08:19]} 30. Be3 {[%clk 0:14:56]}  Nd5 {[%clk 0:08:37]} 1/2-1/2